Statistics for Video games by synonyms

Click here to take the quiz!

General Stats

  • This quiz has been taken 111 times
  • The average score is 10 of 15

Answer Stats

Hint Answer % Correct
Fable of zeldaLegend of zelda
89%
Great mario buddysSuper mario bros
89%
Quintuple midnights at freddysFive Nights at freddys
84%
Final of usLast of us
84%
Road brawlerStreet fighter
82%
Tiny huge sphereLittle big planet
81%
Crypt banditTomb raider
80%
Mad fowlsAngry birds
74%
UnexploredUncharted
67%
Battle of tribesClash of clans
57%
Decaying LuminousDying Light
57%
Quarry-artMine-craft
53%
Great bang buddysSuper smash bros
53%
Signal of jobCall of duty
50%
Exit-finalOut-last
14%

Score Distribution

Percentile by Number Answered

Percent of People with Each Score

Your Score History

You have not taken this quiz